000 00270nam a22001217a 4500
008 170905b xxu||||| |||| 00| 0 eng d
041 _aeng
080 _a615.1
100 _a05
101 _aMK
245 _aSPINAL CORD INJURY
_cBRYCE,TH.N
942 _2udc
_cBK
999 _c26118
_d26118